Statistics for Biggest cities in the Americas

Click here to take the quiz!

General Stats

  • This quiz has been taken 23 times
    (3 since last reset)
  • The average score is 37 of 58

Answer Stats

CountryPopulationAnswer% Correct
Brazil12,252,023São Paulo
100%
USA2,705,994Chicago
100%
USA1,547,253San Antonio
100%
Mexico8,918,653Mexico City
100%
USA1,680,992Phoenix
100%
Uruguay1,719,453Montevideo
100%
Ecuador2,011,388Quito
100%
Cuba2,130,081Havana
100%
USA2,325,502Houston
100%
Canada2,463,431Vancouver
100%
USA1,345,047Dallas
100%
Brazil2,941,830Brasília
100%
USA3,990,456Los Angeles
100%
Peru8,894,000Lima
100%
USA8,398,748New York City
100%
Brazil6,520,000Rio de Janeiro
100%
Canada5,928,040Toronto
100%
Canada4,098,927Montreal
100%
Colombia7,963,000Bogota
100%
Venezuela3,289,886Caracas
100%
Argentina3,054,300Buenos Aires
100%
Canada1,323,783Ottawa
67%
Brazil2,502,557Belo Horizonte
67%
Canada1,321,426Edmonton
67%
Canada1,392,609Calgary
67%
USA1,423,851San Diego
67%
Bolivia1,441,406Santa Cruz
67%
Argentina1,236,089Rosario
67%
Mexico1,495,182Guadalajara
67%
USA1,526,006Philadelphia
67%
Colombia2,227,642Cali
67%
USA1,021,795San Jose
67%
Colombia1,206,319Barranquilla
67%
Brazil2,857,329Salvador
67%
Brazil2,643,247Fortaleza
67%
Mexico1,168,709Monterrey
67%
Colombia2,569,007Medellín
67%
Brazil1,210,098Campinas
33%
Mexico1,238,962León
33%
Mexico1,300,983Tijuana
33%
Mexico1,321,004Ciudad Juárez
33%
Brazil1,094,667São Luís
33%
Brazil1,555,039Recife
33%
Argentina1,391,298Córdoba
33%
Mexico1,434,062Puebla
33%
Brazil1,439,561Belém
33%
Brazil1,466,105Goiânia
33%
Brazil1,481,019Porto Alegre
33%
Venezuela1,653,000Maracaibo
33%
Mexico1,655,015Ecatepec
33%
Brazil1,908,359Curitiba
33%
Brazil2,182,763Manaus
33%
Ecuador2,698,077Guayaquil
33%
Brazil1,018,948Maceió
33%
Brazil1,324,781Guarulhos
0%
Mexico1,142,483Zapopan
0%
Mexico1,104,585Nezahualcóyotl
0%
Brazil1,077,687São Gonçalo
0%

Score Distribution

Percentile by Number Answered

Percent of People with Each Score

Your Score History

You have not taken this quiz since the last reset